| 000 | 00686nam a2200217 a 4500 | ||
|---|---|---|---|
| 001 | 000033662 | ||
| 003 | DO-SdBNP | ||
| 005 | 20220325093956.0 | ||
| 007 | ta | ||
| 008 | 110905s2015 dr c 000 0 spa d | ||
| 020 | _a9789945899610 | ||
| 040 |
_aDO-SdBNP _bspa _cBNPHU |
||
| 082 | 4 | _222 | |
| 245 | 0 | 0 |
_aAntonio Isa Conde : _brelatos de la vida de un desmemoriado / _ceditores Víctor Bautista, Yinett Santelises |
| 260 |
_aSanto Domingo : _bMediáticos consultores en comunicación, _c2015. |
||
| 300 |
_a140 p. ; _bretr. _c27 cm. |
||
| 590 | _aInventariado, 2020/ YL | ||
| 700 | 1 |
_aBautista, Víctor, _eed. _976823 |
|
| 700 | 1 |
_aSantelises, Yinett, _eed. _974738 |
|
| 942 |
_2ddc _cLBS1 |
||
| 999 |
_c33153 _d33153 |
||